000 00329nam a22001337a 4500
008 170609b xxu||||| |||| 00| 0 eng d
020 _a9780415288194
041 _aeng
080 _a328
100 _a19
101 _aSHP
245 _aPOWER AND GOVERNANCE IN A PARTILITY GLOBALIZED WORLD
_cKEOHANE.R.O
942 _2udc
_cBK
999 _c16667
_d16667